Energia - kľúčový faktor súčasnej hospodárskej politiky Európskej únie
Postavenie energie v hospodárskej politike Európskej únie. Pozícia Európskej únie na ropných trhoch. Pozícia EÚ na trhoch zemného plynu. Jadrová energia a jej postavenie v strategických zámeroch Európskej únie. Európska únia a energetické partnerstvo s Ruskom. Spoločná energetická politika Európsk...
Na minha lista:
| Autor principal: | |
|---|---|
| Formato: | Capítulo de Livro |
| Idioma: | eslovaco |
| Assuntos: | |
| Tags: |
Sem tags, seja o primeiro a adicionar uma tag!
|
MARC
| LEADER | 00000naa$a2200000$$$4500 | ||
|---|---|---|---|
| 001 | 0076154 | ||
| 005 | 20240502071906.5 | ||
| 041 | 0 | |a slo | |
| 044 | |a SK | ||
| 245 | 1 | 0 | |a Energia - kľúčový faktor súčasnej hospodárskej politiky Európskej únie |c Peter Baláž |
| 520 | |a Postavenie energie v hospodárskej politike Európskej únie. Pozícia Európskej únie na ropných trhoch. Pozícia EÚ na trhoch zemného plynu. Jadrová energia a jej postavenie v strategických zámeroch Európskej únie. Európska únia a energetické partnerstvo s Ruskom. Spoločná energetická politika Európskej únie. | ||
| 610 | 2 | 0 | |a energia |
| 610 | 2 | 0 | |a Slovensko |
| 610 | 2 | 0 | |a Európska únia |
| 610 | 2 | 0 | |a trh energetický |
| 610 | 2 | 0 | |a ropa |
| 610 | 2 | 0 | |a vzťahy medzinárodné |
| 610 | 2 | 0 | |a plyn zemný |
| 610 | 2 | 0 | |a politika hospodárska |
| 100 | 1 | |a Baláž, Peter | |